Top 10 Real Zaragoza Penalty Takers - Statistics

General Stats
  • This quiz has been taken 6 times
  • The average score is 5 of 12
Answer Stats
Penalties scored Answer % Correct
10 70% Borja Iglesias
83%
13 84% Diego Milito
83%
11 71% Miguel Pardeza
83%
11 100% David Villa
67%
47 74% Juan Señor
67%
27 81% Pichi Alonso
50%
24 75% Santiago Aragón
50%
10 100% Antonio Galdeano «Apoño»
17%
13 69% Eleuterio Santos
17%
12 83% Ander Garitano
0%
11 63% José González
0%
15 93% Pablo García Castany
0%
No matching quizzes found
Score Distribution
Percent of People with Each Score
Percentile by Number Answered
Your Score History
You have not taken this quiz